Текст томруулах:    
Power Japan (Бичлэгийн дугаар. 145869)
000 -УДИРДЛАГА
Удирдлага 00939nam a22003017a 4500
003 - ХЯНАЛТЫН ТОО ТОДОРХОЙЛОГЧ
Код MN-UlNUM
005 - БИЧИЛТ ХИЙСЭН ОГНОО
Тухайн бичилтийг бичсэн засварласан сүүлийн огноо 20251209085700.0
008 - ЕРӨНХИЙ МЭДЭЭЛЭЛ
Ерөнхий мэдээлэл 251209s1992 nyua|||| |||| 001 0 eng |
020 ## - ISBN
ISBN 1557382751
040 ## - БИЧЛЭГ ҮҮСГЭГЧ БАЙГУУЛЛАГА
Бичлэг үүсгэгч номын сангийн код МУИС-ийн номын сан
084 ## - ББК АНГИЛАЛ
Нэмэлт тусгалт Нэг сэдэвт бүтээл
ББК ангилал 65.290-2
Зохиогчийн гурван тэмдэгт Z 64
Мэдлэгийн ялгаа 65 - Эдийн засаг
100 1# - ЗОХИОГЧ
Зохиогчийн нэр Ziemba, W. T
245 10 - ҮНДСЭН ГАРЧИГ
Номын нэр Power Japan
Бага гарчгийн мэдээ How and why the Japanese economy works
260 ## - ГАРАЛТЫН МЭДЭЭ
Хэвлэгдсэн газар New York:
Хэвлэлийн газар Probus publishing go,
Хэвлэгдсэн он 1992.
300 ## - МАТЕРИАЛЫН ТОДОРХОЙЛОЛТ
хуудасны тоо 385p.:
500 ## - Тайлбар
Дансны дугаар БС 4526
546 ## - ХЭЛНИЙ ТУХАЙ МЭДЭЭ
Хэл Англи хэл дээр,
653 ## - Түлхүүр үг
Түлхүүр үг economy
653 ## - Түлхүүр үг
Түлхүүр үг approach
653 ## - Түлхүүр үг
Түлхүүр үг management
700 1# - ХАМ ЗОХИОГЧИД
Ба бус Schwartz S. L
740 ## - НОМЫН ГАРЧИГ
Гарчиг The Growth of the Economy: 1949-1992
740 ## - НОМЫН ГАРЧИГ
Гарчиг The Firms: Effectiveness in Manufacturing Through a Craft
740 ## - НОМЫН ГАРЧИГ
Гарчиг Who Has and Earns the Money: Income Distribution, the Tax System, and Expenses
740 ## - НОМЫН ГАРЧИГ
Гарчиг Transitions: The Skyrocketing Price of Land and the High Cost of Living
942 ## - ЭЛЕМЕНТИЙН ТӨРӨЛ
Зүйлийн төрөл Ном